000
00198 a2200097 4500
001
46987
100
_a
Cowles V
245
_a
Phantom Major
260
_a
London
_b
Collins
_c
090
_c
30056
_d
30056
942
_a
NUST-CAE
_c
M
_c
22288
999
_c
282060
_d
282060